| 000 | 00363nam a2200133Ia 4500 | ||
|---|---|---|---|
| 008 | 240624s9999 xx 000 0 und d | ||
| 041 | _aeng | ||
| 082 | _a006.7 BER | ||
| 100 | _aBERNSTEIN DAVID | ||
| 245 | _aDESIGN AND IMPLEMENTATION OF MULTIMEDIA | ||
| 260 |
_c2011 _aCanada _bJones and Bartlett Learning |
||
| 300 | _axviii, : 369p. : cm. ; 24 | ||
| 365 |
_c _b25 |
||
| 999 |
_c19588 _d19588 |
||